| 000 | 00722nam a2200181 a 4500 | ||
|---|---|---|---|
| 008 | 120209s2003 ||||||||||||||||| || u | ||
| 020 | _a9780273662013 | ||
| 050 | _aHD 31 Key | ||
| 100 | _aHave, Steven ten | ||
| 245 | 1 | 0 |
_aKey management models: the management tools and practices that will improve your business _cSteven ten Have...[and others] |
| 260 |
_aLondon _bFT Prentice-Hall _c2003 |
||
| 300 | _axvi, 214p.: ill. | ||
| 350 | _a0.00 | ||
| 650 | 0 | _aMANAGEMENT | |
| 650 | 0 | _aBUSINESS COMMUNICATION | |
| 650 | _aORGANIZATIONAL EFFECTIVENESS | ||
| 995 |
_D0.00 _FCBU-MAIN LIBRARY (Kitwe) _H1 _I0.00 _M1 _UAVAILABLE _WMar 21, 2012 _ZMain Library Open Access Collection |
||
| 999 |
_c48609 _d48609 |
||